000 00411nam a2200157Ia 4500
999 _c10799
_d10799
008 191201s2011 xx 000 0 und d
082 _a515.5
_bDHS
100 _aDHAONCHAK, Poonam K.
245 0 _aSpecial Functions and Integral Transforms
250 _a11th
260 _aNew Delhi
_bJeevansons Pub.
_c2021
300 _aMisc
650 _aBA GEN
700 _aGARG, Sanjay and others
942 _2ddc
_cBK
_01